| 000 | 00787nam a22002417a 4500 | ||
|---|---|---|---|
| 003 | BPGM | ||
| 005 | 20260205223800.0 | ||
| 008 | 260205s mx a|||| |||| 001 0 spa d | ||
| 040 |
_aBPGM _bspa |
||
| 041 |
_aspa _hspa |
||
| 082 | 0 | 4 |
_a1984 , _b759.972 / _2F473 |
| 100 | _aFERNÁMDEZ LEDESMA, GABRIEL | ||
| 245 | _aFERNANDO CASTILLO PINTOR POPULAR 1895 - 1940 | ||
| 260 |
_aMÉXICO : _bUNIVERSIDAD NACIONAL AUTONOMA DE MÉXICO , _c1984. |
||
| 300 |
_a27 páginas ; _c17 x 23 cm |
||
| 336 |
_2rdacontent _atexto _btxt |
||
| 337 |
_2rdamedia _asin mediación _bn |
||
| 338 |
_2rdacarrier _avolumen _bnc |
||
| 650 | _2LAS ARTES BELLAS ARTES Y ARTES DECORATIVAS | ||
| 650 | _2PINTURA Y PINTURAS | ||
| 650 | _2TRATAMIENTO HISTÓRICO, GEOGRÁFICO, DE PERSONAS | ||
| 942 |
_2ddc _cGENERAL |
||
| 999 |
_c68511 _d68511 |
||